000 00756nam a2200193 a 4500
003 OSt
005 20150408114119.0
008 130224s2013 iq ad g b 000 0 ara d
020 _a9786589098010
040 _aMa-Un
082 0 4 _221
_a332.12068
_bع أ إ
100 1 _aالعلي، أسعد حميد عبيد.
_921628
245 1 0 _aإدارة المصارف التجارية :
_bمدخل إدارة المخاطر /
_cأسعد حميد العلي.
260 _aبغداد :
_bالذاكرة للنشر والتوزيع،
_c2013
_m[1434]
300 _a526 ص. :
_bجداول، رسوم بيانية ؛
_c24 سم.
504 _aببليوجرافية : ص. 505-512.
650 7 _aالبنوك التجارية
_921630
_xإدارة
_2aucsh
942 _2ddc
_cBOOK
999 _c28075
_d262575